01287nam a2200349Ia 4500001001200000003000800012006001900020007001500039008004100054010001700095020001500112020001800127020001800145040002100163035002100184050002400205082001400229100001900243245008600262260003200348300001900380490003000399504006600429533015200495650002800647650002200675655002900697710001700726830005100743856012600794999001700920ebr10619299CaPaEBRm u cr cn|||||||||050427s2005 nyua sb 001 0 eng d z 2005044282 z0820473707 z9783631529072 z9783653022131 aCaPaEBRcCaPaEBR a(OCoLC)82081846814aHM1201b.A57 2005eb04a153.82221 aAlsted, Jacob.12aA model of human motivation for sociologyh[electronic resource] /cJacob Alsted. aNew York :bP. Lang,c2005. a220 p. :bill.1 aStudies in sociology ;v3 aIncludes bibliographical references (p. [209]-215) and index. aElectronic reproduction.bPalo Alto, Calif. :cebrary,d2011.nAvailable via World Wide Web.nAccess may be limited to ebrary affiliated libraries. 0aMotivation (Psychology) 0aSocial structure. 7aElectronic books.2local2 aebrary, Inc. 0aStudies in sociology (Verlag Peter Lang) ;v3.40uhttp://site.ebrary.com/lib/rucke/Doc?id=10619299zAn electronic book accessible through the World Wide Web; click to view c54348d54348